Freshwater biodiversity in Asia : (Registro nro. 704)
[ vista simple ]
| 000 -CABECERA | |
|---|---|
| Campo de control | 01048cam a22002778a 4500 |
| 005 - FECHA Y HORA DE LA ULTIMA TRANSACCION | |
| Campo de control | 20171017103433.0 |
| 008 - ELEMENTOS DE LONGITUD FIJA—INFORMACION GENERAL | |
| Campo de control | 961122s1996 dcuab b 000 0 eng |
| 020 ## - ISBN | |
| ISBN | 0821338080 |
| 020 ## - ISBN | |
| ISBN | 9780821338087 |
| 040 ## - FUENTE DE CATALOGACIÓN | |
| Agencia catalogadora original | DLC |
| Agencia transcriptora | DLC |
| Agencia Modificadora | GZM |
| -- | MYG |
| -- | CO-BoIAVH |
| 041 0# - IDIOMA | |
| Código de idioma para texto/pista de sonido o título separado | Inglés |
| 044 ## - PAÍS DE PUBLICACIÓN | |
| País de publicación | Estados Unidos |
| 082 00 - NUMERO DE CLASIFICACION DECIMAL DEWEY | |
| Número de clasificación | 333.956 |
| Número del ítem | K87f |
| 100 1# - ASIENTO PRINCIPAL--NOMBRE PERSONAL | |
| Nombre personal | Kottelat, Maurice |
| Término relacionado | autor |
| 9 (RLIN) | 8782 |
| 245 10 - MENCION DE TITULO | |
| Título | Freshwater biodiversity in Asia : |
| Parte restante del título | with special reference to fish / |
| Mención de responsabilidad | Maurice Kottelat and Tony Whitten. |
| 260 ## - PUBLICACION, DISTRIBUCION, ETC. (PIE DE IMPRENTA) | |
| Lugar de publicación, distribución, etc. | Washington, D.C. (EE.UU.) : |
| Nombre del editor, distribuidor, etc. | World Bank, |
| Fecha de publicación, distribución, etc. | c1996. |
| 300 ## - DESCRIPCION FISICA | |
| Extensión | ix, 59 páginas : |
| Otros detalles físicos | ilustraciones y mapas ; |
| Dimensiones | 28 x 21 cm. |
| 490 0# - MENCION DE SERIE | |
| Mención de serie | World Bank technical paper, |
| Designación numérica/secuencial del volumen | 343. |
| Número International Normalizado para Libros | 0253-7494 ; |
| Mención de serie | Asia Technical Department series |
| 504 ## - NOTA DE BIBLIOGRAFIA, ETC. | |
| Nota de bibliografía | Incluye referencias bibliográficas: páginas 49-55. |
| 650 26 - ASIENTO SECUNDARIO DE MATERIA - TERMINO TEMATICO | |
| Término temático o nombre geográfico como elemento de entrada | Biodiversidad |
| Subdivisión geográfica | Asia |
| 9 (RLIN) | 86292 |
| 650 26 - ASIENTO SECUNDARIO DE MATERIA - TERMINO TEMATICO | |
| Término temático o nombre geográfico como elemento de entrada | Peces de agua dulce |
| Subdivisión geográfica | Asia |
| 9 (RLIN) | 86293 |
| 650 26 - ASIENTO SECUNDARIO DE MATERIA - TERMINO TEMATICO | |
| Término temático o nombre geográfico como elemento de entrada | Ecología de agua dulce |
| Subdivisión geográfica | Asia |
| 9 (RLIN) | 86294 |
| 650 26 - ASIENTO SECUNDARIO DE MATERIA - TERMINO TEMATICO | |
| Término temático o nombre geográfico como elemento de entrada | Biología pesquera |
| Subdivisión geográfica | Asia |
| 9 (RLIN) | 86295 |
| 700 1# - ASIENTO SECUNDARIO - NOMBRE PERSONAL | |
| Nombre personal | Whitten, Tony |
| Fechas asociadas con el nombre | 1953- |
| Término de relación | autor |
| 9 (RLIN) | 86296 |
| 942 ## - ELEMENTOS ADICIONALES (KOHA) | |
| Sistema de clasificación | Dewey Decimal Classification |
| Tipo de ítem | Libro |
| Withdrawn status | Lost status | Sistema de Clasificación | Damaged status | No para préstamo | Colección | Inventariado | Ubicación Permanente | Ubicación actual | Fecha de adquisición | Fuente de Valor | Valor | Total Checkouts | Número topográfico | Inventario / Código de Barras | Date last seen | Ejemplar | Price effective from | Forma de adquisición | Tipo de material |
|---|---|---|---|---|---|---|---|---|---|---|---|---|---|---|---|---|---|---|---|
| Dewey Decimal Classification | General | Inventariado 2017 | Sala Fabio Quevedo | Sala Fabio Quevedo | 07/08/1998 | Instituto | 39000.00 | LB-333.956 K87f | 000995 | 04/12/2012 | Ej. 1 | 04/12/2012 | Donación | Libro |